Rahsia menjana keajaiban diri

Bibliographic Details
Main Author: Imam Al-Ghazali
Corporate Author: Title
Format: Book
Published: Kuala Lumpur : Jasmin Enterprise , 2003
Subjects:

MARC

LEADER 00000cam a2200000 7i4500
001 0000012222
005 20071210.0
008 071210
020 |a 9832565308 
090 0 0 |a 297.5   |b GHA 
100 0 |a Imam Al-Ghazali 
245 1 0 |a Rahsia menjana keajaiban diri   |c Imam Al-Ghazali 
260 |a Kuala Lumpur :   |b Jasmin Enterprise ,   |c 2003 
650 0 |a Islam ethics 
650 0 |a Islam   |x Customs and practices 
650 0 |a Malay fiction 
650 0 |a Religious life   |x Islam 
710 0 |a Title 
999 |a 0001004774   |b Book   |c Adult Collection   |e Perbadanan Perpustakaan Awam Johor 
999 |a 0001004775   |b Book   |c Adult Collection   |e Cawangan Segamat 
999 |a 0001007368   |b Book   |c Adult Collection   |e Perbadanan Perpustakaan Awam Johor 
999 |a 0001007369   |b Book   |c Adult Collection   |e Perbadanan Perpustakaan Awam Johor